<?xml version="1.0" encoding="UTF-8"?>
<collection xmlns="http://www.loc.gov/MARC21/slim">
 <record>
  <leader>01410nab a2200385 a 4500</leader>
  <controlfield tag="001">elibro.ELB13445</controlfield>
  <controlfield tag="003">FlNmELB</controlfield>
  <controlfield tag="006">m     o  d |      </controlfield>
  <controlfield tag="007">cr cn|||||||||</controlfield>
  <controlfield tag="008">200903r2009    cu |||||s|||||||||||spa d</controlfield>
  <datafield tag="022" ind1=" " ind2=" ">
   <subfield code="a">0864-4497</subfield>
  </datafield>
  <datafield tag="035" ind1=" " ind2=" ">
   <subfield code="a">(OCoLC)955436863</subfield>
  </datafield>
  <datafield tag="040" ind1=" " ind2=" ">
   <subfield code="a">FlNmELB</subfield>
   <subfield code="b">spa</subfield>
   <subfield code="c">FlNmELB</subfield>
  </datafield>
  <datafield tag="050" ind1=" " ind2="4">
   <subfield code="a">TX501</subfield>
   <subfield code="b">V455 2009</subfield>
  </datafield>
  <datafield tag="080" ind1=" " ind2=" ">
   <subfield code="a">664</subfield>
  </datafield>
  <datafield tag="082" ind1="0" ind2="4">
   <subfield code="a">664</subfield>
   <subfield code="2">22</subfield>
  </datafield>
  <datafield tag="100" ind1="1" ind2=" ">
   <subfield code="a">Venegas, Octavio.</subfield>
  </datafield>
  <datafield tag="222" ind1=" " ind2="0">
   <subfield code="a">Ciencia y tecnología de los alimentos</subfield>
  </datafield>
  <datafield tag="245" ind1="1" ind2="0">
   <subfield code="a">Determinación de rancidez en carne</subfield>
   <subfield code="h">[recurso electronico] /</subfield>
   <subfield code="c">Octavio Venegas, Dany Pérez.</subfield>
  </datafield>
  <datafield tag="260" ind1=" " ind2=" ">
   <subfield code="a">Ciudad de La Habana :</subfield>
   <subfield code="b">Instituto de Investigaciones para la Industria Alimenticia,</subfield>
   <subfield code="c">2009.</subfield>
  </datafield>
  <datafield tag="300" ind1=" " ind2=" ">
   <subfield code="a">60-70 p.</subfield>
  </datafield>
  <datafield tag="310" ind1=" " ind2=" ">
   <subfield code="a">Semestral</subfield>
  </datafield>
  <datafield tag="362" ind1="0" ind2=" ">
   <subfield code="a">Vol. 19, Num. 1 (2009)-</subfield>
  </datafield>
  <datafield tag="533" ind1=" " ind2=" ">
   <subfield code="a">Recurso electrónico. Santa Fe, Arg.: e-libro, 2015. Disponible vía World Wide Web. El acceso puede estar limitado para las bibliotecas afiliadas a e-libro.</subfield>
  </datafield>
  <datafield tag="546" ind1=" " ind2=" ">
   <subfield code="a">Artículo en español ; resumen en inglés.</subfield>
  </datafield>
  <datafield tag="650" ind1=" " ind2="4">
   <subfield code="a">Tecnología de alimentos.</subfield>
  </datafield>
  <datafield tag="650" ind1=" " ind2="4">
   <subfield code="a">Alimentos</subfield>
   <subfield code="x">Análisis.</subfield>
  </datafield>
  <datafield tag="650" ind1=" " ind2="4">
   <subfield code="a">Food adulteration and inspection.</subfield>
  </datafield>
  <datafield tag="650" ind1=" " ind2="4">
   <subfield code="a">Food</subfield>
   <subfield code="x">Analysis.</subfield>
  </datafield>
  <datafield tag="653" ind1=" " ind2=" ">
   <subfield code="a">Tecnologa</subfield>
   <subfield code="a">Analisis</subfield>
  </datafield>
  <datafield tag="655" ind1=" " ind2="4">
   <subfield code="a">Artículos electrónicos.</subfield>
  </datafield>
  <datafield tag="700" ind1="1" ind2=" ">
   <subfield code="a">Pérez, Dany, </subfield>
   <subfield code="e">aut.</subfield>
  </datafield>
  <datafield tag="710" ind1="2" ind2=" ">
   <subfield code="a">e-libro, Corp.</subfield>
  </datafield>
  <datafield tag="740" ind1="0" ind2="2">
   <subfield code="a">Ciencia y tecnología de los alimentos.</subfield>
  </datafield>
  <datafield tag="856" ind1="4" ind2="0">
   <subfield code="u">https://elibro.net/ereader/unsbiblio/13445</subfield>
  </datafield>
 </record>
</collection>
